000 00403nam a2200169Ia 4500
001 13438
003 IN-NITTTR
005 20251114233126.0
008 251113s9999||||xx |||||||||||||| ||eng||
040 _beng
040 _cIN-NITTTR
041 _aeng
082 _a153.8 S13M
100 _aSchaefer, Susan Davidson
245 4 _aThe motivation process /
_cSchaefer, Susan Davidson
942 _2ddc
_cBK
999 _c16074
_d16074